[Event "Niederbayernliga 1415"]
[Site "Bayern"]
[Date "2014.12.06"]
[Round "4.8"]
[White "Avdijaj, Avdullah"]
[Black "Niedermeier, Johann"]
[Result "0-1"]
[WhiteElo "1695"]
[BlackElo "1814"]
[PlyCount "75"]
[EventDate "2014.10.19"]
[EventType "team-tourn"]
[EventRounds "9"]
[EventCountry "GER"]
[SourceTitle "EXT 2023"]
[Source "ChessBase"]
[SourceDate "2022.10.05"]
[SourceVersion "1"]
[SourceVersionDate "2022.10.05"]
[SourceQuality "1"]
[WhiteTeam "Schaibing"]
[BlackTeam "Geiselhoering"]
[WhiteTeamCountry "GER"]
[BlackTeamCountry "GER"]

1. e4 e6 2. d4 d5 3. e5 c5 4. c3 Nc6 5. Be3 Nge7 6. f4 Nf5 7. Bf2 Qb6 8. b3 cxd4 9. Nf3 Ne3 10. Bxe3 dxe3 11. Be2 a5 12. a4 Bc5 13. Na3 Bxa3 14. Rxa3 Qc5 15. Qa1 0-0 16. 0-0 Rd8 17. Nd4 Ne7 18. Ra2 Bd7 19. Qc1 Rac8 20. Rc2 Nf5 21. Rd1 Nxd4 22. Rxd4 b5 23. axb5 Bxb5 24. Qxe3 Bxe2 25. Qxe2 Rb8 26. Qd2 Rxb3 27. Kf1 Rb1+ 28. Ke2 Rf8 29. Ra2 h6 30. Qd3 Rfb8 31. Qc2 Qb5+ 32. Qd3 Rb2+ 33. Rxb2 Qxb2+ 34. Qd2 Qa1 35. Kf3 Rb2 36. Qd1 Qxd1+ 37. Rxd1 Rc2 38. Ra1 0-1

[Event "Niederbayernliga 1314"]
[Site "Bayern"]
[Date "2014.??.??"]
[Round "5"]
[White "Avdijaj, Avdullah"]
[Black "Gruber, Helmut2222"]
[Result "1/2-1/2"]
[WhiteElo "1693"]
[BlackElo "1773"]
[PlyCount "32"]
[EventDate "2013.10.13"]
[EventType "team-tourn"]
[EventRounds "9"]
[EventCountry "GER"]
[SourceTitle "EXT 2023"]
[Source "ChessBase"]
[SourceDate "2022.10.05"]
[SourceVersion "1"]
[SourceVersionDate "2022.10.05"]
[SourceQuality "1"]
[WhiteTeam "Schaibing"]
[BlackTeam "Bayerwald Regen/Zwiesel"]
[WhiteTeamCountry "GER"]
[BlackTeamCountry "GER"]

1. e4 c5 2. Nc3 e6 3. Bc4 a6 4. a4 Nc6 5. Nf3 d6 6. d4 cxd4 7. Nxd4 Nf6 8. 0-0 Be7 9. Re1 0-0 10. Nxc6 bxc6 11. e5 dxe5 12. Qxd8 Rxd8 13. Rxe5 Nd5 14. Nxd5 cxd5 15. Bd3 Bf6 16. Re1 Bb7 1/2-1/2

[Event "Niederbayernliga 1011"]
[Site "Germany"]
[Date "2011.02.27"]
[Round "7.6"]
[White "Avdijaj, Avdullah"]
[Black "Senff, Rudolf"]
[Result "0-1"]
[WhiteElo "1724"]
[BlackElo "1718"]
[PlyCount "72"]
[EventDate "2010.10.10"]
[EventType "team-tourn"]
[EventRounds "9"]
[EventCountry "GER"]
[SourceTitle "EXT 2012"]
[Source "ChessBase"]
[SourceDate "2011.11.24"]
[SourceVersion "1"]
[SourceVersionDate "2011.11.24"]
[SourceQuality "1"]
[WhiteTeam "Schaibing"]
[BlackTeam "Adlkofen"]
[WhiteTeamCountry "GER"]
[BlackTeamCountry "GER"]

1. e4 d6 2. d4 g6 3. Bd3 Bg7 4. c3 c5 5. Ne2 Nf6 6. 0-0 Nc6 7. Na3 a6 8. d5 Ne5 9. c4 Nxd3 10. Qxd3 0-0 11. Rb1 b5 12. Bd2 b4 13. Nc2 Nxe4 14. Ne3 Nxd2 15. Qxd2 Bh6 16. f4 Re8 17. Ng3 e5 18. Ne2 exf4 19. Nxf4 Re4 20. g3 Bxf4 21. Rxf4 Rxf4 22. gxf4 Qf6 23. Nf1 Bh3 24. Re1 Bxf1 25. Kxf1 Kf8 26. Kg2 Re8 27. Rxe8+ Kxe8 28. Kg3 Qe7 29. Kf3 f5 30. Qc2 Kf7 31. b3 Qe1 32. Qb2 Qc3+ 33. Qxc3 bxc3 34. Ke3 c2 35. Kd2 c1Q+ 36. Kxc1 Kf6 0-1

[Event "Niederbayernliga 1011"]
[Site "Germany"]
[Date "2011.01.16"]
[Round "5.6"]
[White "Haydn, Ludwig"]
[Black "Avdijaj, Avdullah"]
[Result "0-1"]
[WhiteElo "1227"]
[BlackElo "1724"]
[PlyCount "48"]
[EventDate "2010.10.10"]
[EventType "team-tourn"]
[EventRounds "9"]
[EventCountry "GER"]
[SourceTitle "EXT 2012"]
[Source "ChessBase"]
[SourceDate "2011.11.24"]
[SourceVersion "1"]
[SourceVersionDate "2011.11.24"]
[SourceQuality "1"]
[WhiteTeam "Bayerwald"]
[BlackTeam "Schaibing"]
[WhiteTeamCountry "GER"]
[BlackTeamCountry "GER"]

1. d4 d5 2. Bf4 Nf6 3. e3 e6 4. Bd3 c5 5. dxc5 Bxc5 6. Nf3 Nc6 7. c3 Nh5 8. Bg3 Nxg3 9. hxg3 h6 10. Nbd2 Bd7 11. a3 Qb6 12. b4 Be7 13. Nb3 Rc8 14. c4 dxc4 15. Bxc4 Nxb4 16. Bd3 Nd5 17. Nbd4 Qa5+ 18. Nd2 e5 19. Nf5 Bxf5 20. Bxf5 Rc7 21. Bg4 0-0 22. 0-0 Rd8 23. Nb3 Qa4 24. Qb1 Qxg4 0-1

[Event "Niederbayernliga 1011"]
[Site "Germany"]
[Date "2010.10.10"]
[Round "1.7"]
[White "Avdijaj, Avdullah"]
[Black "Pfaeffinger, Georg"]
[Result "1-0"]
[WhiteElo "1724"]
[BlackElo "1637"]
[PlyCount "75"]
[EventDate "2010.10.10"]
[EventType "team-tourn"]
[EventRounds "9"]
[EventCountry "GER"]
[SourceTitle "EXT 2012"]
[Source "ChessBase"]
[SourceDate "2011.11.24"]
[SourceVersion "1"]
[SourceVersionDate "2011.11.24"]
[SourceQuality "1"]
[WhiteTeam "Schaibing"]
[BlackTeam "Geiselhoering"]
[WhiteTeamCountry "GER"]
[BlackTeamCountry "GER"]

1. e4 e5 2. Bc4 Nf6 3. d3 Nc6 4. a3 Be7 5. Nc3 d6 6. Nge2 a6 7. 0-0 Na5 8. Ba2 Be6 9. Bd2 Bxa2 10. Nxa2 c5 11. c4 0-0 12. Rb1 Nc6 13. Nac3 Nd4 14. Nxd4 exd4 15. Ne2 Nd7 16. f4 f5 17. Ng3 fxe4 18. dxe4 Nf6 19. Qe2 Qd7 20. h3 Qc6 21. Rbe1 Rae8 22. Qd3 b5 23. b3 Bd8 24. Re2 bxc4 25. bxc4 Nd7 26. Rfe1 Bh4 27. Kh2 Qa4 28. Rc1 Rb8 29. Nf5 Bf6 30. Nxd6 Rb3 31. Qc2 Qxa3 32. Qd1 d3 33. Re1 Bd4 34. e5 Rb6 35. Ne4 a5 36. Nc3 Bxc3 37. Rxc3 Rb3 38. Rxb3 1-0

[Event "Niederbayernliga 0708"]
[Site "Germany"]
[Date "2007.11.25"]
[Round "3.6"]
[White "Strangmueller, Andreas"]
[Black "Avdijaj, Avdullah"]
[Result "1-0"]
[WhiteElo "1846"]
[BlackElo "1707"]
[PlyCount "65"]
[EventDate "2007.10.21"]
[EventType "team"]
[EventRounds "9"]
[EventCountry "GER"]
[SourceTitle "EXT 2009"]
[Source "ChessBase"]
[SourceDate "2008.11.26"]
[SourceVersion "1"]
[SourceVersionDate "2008.11.26"]
[SourceQuality "1"]
[WhiteTeam "Landshut"]
[BlackTeam "Schaibing"]
[WhiteTeamCountry "GER"]
[BlackTeamCountry "GER"]

1. d4 d5 2. c4 c6 3. Nf3 Bf5 4. Nc3 Nf6 5. Nh4 Bd7 6. e3 e6 7. Nf3 Bb4 8. Bd3 Ng4 9. h3 Nf6 10. 0-0 0-0 11. Qc2 g6 12. Bd2 Bd6 13. e4 dxe4 14. Nxe4 Nxe4 15. Bxe4 f5 16. Bd3 Be8 17. c5 Be7 18. Bc4 Bf7 19. Rfe1 Bf6 20. Qb3 b6 21. Bh6 Re8 22. Bxe6 Rxe6 23. Rxe6 Nd7 24. Rae1 Nf8 25. Rxf6 Qxf6 26. Qa3 bxc5 27. Qxc5 Bd5 28. Bg5 Qf7 29. Re7 Ne6 30. Qd6 Rd8 31. Qe5 Nxg5 32. Nxg5 Qf8 33. Rxh7 1-0

[Event "Niederbayernliga 0708"]
[Site "Germany"]
[Date "2007.01.20"]
[Round "5.6"]
[White "Jurasic, Marinko"]
[Black "Avdijaj, Avdullah"]
[Result "1/2-1/2"]
[WhiteElo "1847"]
[BlackElo "1707"]
[PlyCount "108"]
[EventDate "2007.10.21"]
[EventType "team"]
[EventRounds "9"]
[EventCountry "GER"]
[SourceTitle "EXT 2009"]
[Source "ChessBase"]
[SourceDate "2008.11.26"]
[SourceVersion "1"]
[SourceVersionDate "2008.11.26"]
[SourceQuality "1"]
[WhiteTeam "Straubing"]
[BlackTeam "Schaibing"]
[WhiteTeamCountry "GER"]
[BlackTeamCountry "GER"]

1. b3 e5 2. Bb2 d6 3. c4 Nc6 4. e3 Bf5 5. d3 Nh6 6. Nf3 Be7 7. Be2 0-0 8. Nc3 Bg4 9. 0-0 f5 10. Nd5 Nb8 11. Qd2 c6 12. Nxe7+ Qxe7 13. h3 Bh5 14. c5 Bxf3 15. cxd6 Qxd6 16. Bxf3 Nd7 17. Qc3 Rfe8 18. Rad1 Nf6 19. Rfe1 Rad8 20. Qa5 a6 21. Ba3 Qe6 22. Qb4 Rd7 23. d4 e4 24. Be2 Nd5 25. Qc5 Nf7 26. g3 Kh8 27. Kg2 h6 28. Rc1 Qg6 29. Kh2 Nd8 30. Qc2 Ne6 31. Qd1 Qf6 32. Bc4 Ng5 33. Be2 Ne6 34. Kg2 Ng5 35. h4 Ne6 36. Bc4 Nec7 37. Qh5 Red8 38. Bxd5 Nxd5 39. Rc5 Kh7 40. Rec1 g6 41. Qe2 Rf7 42. R5c2 Qe6 43. Re1 Re8 44. Qd2 h5 45. Bc5 Rd8 46. Kh2 Rdd7 47. a4 Kg7 48. Rb1 Kh7 49. Ba3 Nf6 50. b4 Ng4+ 51. Kg2 Ne5 52. Qc3 Nd3 53. b5 axb5 54. axb5 cxb5 1/2-1/2